01077cam a2200265 i 450000100090000000300040000900500170001300800410003002000310007104000300010205000160013210000280014824500930017625000200026926000240028930000590031333600260037233700280039833800270042650400670045365000310052094200560055199900190060795201850062622815532OSt20250603143525.0221006s2023 paua b 001 0 eng  a9781611977363q(paperback) aDLCbengerdacNUSTdNUST00aQA402.5 LEV1 aLevy, Adam B.,eauthor.14aThe basics of practical optimization /cAdam B. Levy, Bowdoin College, Brunswick, Maine. aSecond edition. aUSA,bSIAM,c©2023 axvii, 160 pages :billustrations (some color) ;c26 cm atextbtxt2rdacontent aunmediatedbn2rdamedia avolumebnc2rdacarrier aIncludes bibliographical references (pages 157-158) and index. 0aMathematical optimization. 2lccn0cBOOKSeSecond EditionhQA402.5 LEVkQAmLEV c171950d171950 00102LCC40708NFICaMEDICALbMEDICALcGENd2025-06-03eBook Aid Internationalg65.00l0oQA402.5 LEVp92004054425r2025-06-03 14:38:23t61726v65.00w2025-06-03yBOOKSzDonation